000 00783cab a2200217 4500
001 ABS42691
008 090401t1990 xxu||||| |||| 00| 0 eng d
035 _a(Sirsi) u38373
041 _aeng
100 _aBond, R.
245 _aAssessing the prospects
260 _c1990
350 _a0
490 _aSurveyor (PWW)
_v 173(5096) 24 May 1990, 10-13(4)
520 _aA six month review of Britain`s performance on environmental impact assessment begun in May 1990 by the EIA Centre, indicates a cause for concern. This article highlights the weaknesses in the British system and the EC Directive which came into force in July 1988.
650 _aCONSERVATION
650 _aDEVELOPMENT
690 _aENVIRONMENTAL AND LAND CONSULTANCY
942 _n0
948 _c04/03/1997
999 _c24659
_d24659